1382 1353 1644 1259 1915 1447 1649 1881 1105 1777 1602 1033 1253 1127 1999 1652 1423 1400 1409 1112 1538 1083 1711 1572 1629 1670 1697 1553 1960 1016 1933 1339 1673 1422 1398 1407 1094 1124 1455 1622 1045 1315 1995 1693 1549 1913 1377 1838 1991 1132 1795 1325 1029 1694 1146 1568 1608 1934 1752 1556 1335 1783 1720 1763 1881 1098 1433 1565 1874 1947 1575 1210 1397 1785 1771 1449 1809 1820 1853 1238 1476 1410 1760 1372 1234 1653 1832 1992 1007 1377 1116 1885 1058 1455 1286 1645 1029 1672 1028 BCNSPRNW ULIB Ver.6.0+V

เปลี่ยนเป็นภาษาไทย

Change to English
 แสดงรายละเอียดบรรณานุกรม
  กลับหน้าหลัก

Brief Record : Get Marc (ISO 2709) : E-mail record : QR code < ปิดหน้าต่าง
LEADER : 00000nam 2200000uu 4500
001    13399113687
003     ULIB
008    111215s||||||||th 000 0 tha d
020    ^a9789062400
090    ^aนว.^bก892จ 2553
100 0  แก้วชวาลา
245 00 เจ้าสาวผยศรัก/^cแก้วชวาลา
250    พิมพ์ครั้งที่ 1
260    กรุงเทพฯ :^bแก้วชวาลา,^c25553
300    400 หน้า
710 1  แก้วชวาลา
945    ^p279^l0^i028036
995    ทศพร
999 ^a ทศพร
รายการนี้ยังไม่มีแท็ก
คุณยังไม่ได้ล็อกอิน คุณสามารถมีกิจกรรมร่วมกับเว็บไซต์ได้ แต่ต้องล็อกอินก่อน ::
  ล็อกอิน

รายการสื่อสารสนเทศ

ลำดับที่ ประเภท เลขเรียก/บาร์โค้ด สถานที่ สถานะ
1. นวนิยาย
นวนิยาย
นว. ก892จ 2553 ฉ.1 
  Barcode: 028036
ห้องสมุดวิทยาเขตสวรรค์ประชารักษ์
►นวนิยาย
บนชั้น
  ขอยืม

รายการใกล้เคียง
    ผู้แต่ง [แก้วชวาลา]

BibComment


ยังไม่เคยถูกคอมเมนท์

คอมเมนท์ทรัพยากรรายการนี้
  คอมเมนท์: เจ้าสาวผยศรัก แก้..


 Copyright 2026. Bcnsprnw @Library